[Event "IX Festival Magistrale"]
[Site "Amantea ITA"]
[Date "2011.09.09"]
[Round "7"]
[White "Rotunno, Giuseppe"]
[Black "Schaefer, Heiko"]
[Result "1/2-1/2"]
[WhiteElo "2037"]
[BlackElo "2083"]
[PlyCount "50"]
[EventDate "2011.09.04"]

1. d4 d5 2. Nf3 e6 3. g3 f5 4. Bg2 Nf6 5. O-O Bd6 6. b3 Qe7 7. Bb2 O-O 8. Nbd2
Nbd7 9. c4 c6 10. Ne5 Ne4 11. f3 Nxe5 12. Nxe4 fxe4 13. dxe5 Bc5+ 14. Bd4 dxc4
15. bxc4 b6 16. e3 exf3 17. Rxf3 Rd8 18. Rf4 Bb7 19. Qg4 Re8 20. Be4 Bxd4 21.
exd4 c5 22. Bxh7+ Kxh7 23. Qh3+ Kg8 24. Rh4 Qg5 25. Rf1 Qe3+ 1/2-1/2

[Event "IX Festival Magistrale"]
[Site "Amantea ITA"]
[Date "2011.09.09"]
[Round "7"]
[White "Scerbo, Antonio"]
[Black "Lombardi, Mariano"]
[Result "1-0"]
[WhiteElo "2080"]
[BlackElo "2061"]
[PlyCount "87"]
[EventDate "2011.09.04"]

1. d4 Nf6 2. Nf3 e6 3. c4 d5 4. Nc3 c6 5. Bg5 Be7 6. e3 Nbd7 7. Qc2 O-O 8. Bd3
h6 9. h4 dxc4 10. Bxc4 b5 11. Bd3 Bb7 12. Bxf6 Nxf6 13. O-O Ng4 14. g3 b4 15.
Ne4 c5 16. Be2 cxd4 17. Nxd4 Rc8 18. Qb1 Ne5 19. Rd1 Qb6 20. Bf1 Rfd8 21. Bg2
Rd7 22. Rc1 Rcd8 23. Qc2 Rc8 24. Qe2 Rxc1+ 25. Rxc1 Ba6 26. Qh5 Nc4 27. b3 Na5
28. g4 Rc7 29. Rxc7 Qxc7 30. g5 hxg5 31. Nxg5 Bxg5 32. Qxg5 Bd3 33. h5 Qc1+ 34.
Kh2 Qc7+ 35. f4 Nb7 36. h6 f6 37. Qg3 Nc5 38. Bh3 Qf7 39. hxg7 Bb1 40. Qe1 Bxa2
41. Qxb4 Nd3 42. Qb5 Qg6 43. Bxe6+ Kxg7 44. Nf5+ 1-0

[Event "IX Festival Magistrale"]
[Site "Amantea ITA"]
[Date "2011.09.09"]
[Round "7"]
[White "Spirin, Oleg"]
[Black "Collutiis, Duilio"]
[Result "1-0"]
[WhiteElo "2493"]
[BlackElo "2474"]
[PlyCount "43"]
[EventDate "2011.09.04"]

1. Nf3 Nf6 2. c4 c6 3. Nc3 d5 4. e3 e6 5. b3 Nbd7 6. Qc2 Bd6 7. Be2 a6 8. d4
O-O 9. Bb2 b5 10. O-O bxc4 11. bxc4 dxc4 12. Na4 c5 13. dxc5 Nxc5 14. Nxc5 Bxc5
15. Ng5 e5 16. Bxe5 Re8 17. Rad1 Qe7 18. Bxf6 Qxf6 19. Qxh7+ Kf8 20. Ne4 Qe5
21. Nxc5 Qxc5 22. Qh8+ 1-0

[Event "IX Festival Magistrale"]
[Site "Amantea ITA"]
[Date "2011.09.09"]
[Round "7"]
[White "Van Melkebeke, Willem"]
[Black "Rotelli, Pietro"]
[Result "1-0"]
[WhiteElo "1926"]
[BlackElo "1918"]
[PlyCount "97"]
[EventDate "2011.09.04"]

1. e4 c6 2. d4 d5 3. f3 e6 4. Nc3 Bb4 5. Bf4 Nf6 6. e5 Nfd7 7. Qd3 b6 8. Nge2
Ba6 9. Qe3 c5 10. a3 Bxc3+ 11. Qxc3 Nc6 12. Be3 Rc8 13. dxc5 bxc5 14. Bxc5 Nxc5
15. Qxc5 Nxe5 16. Qxa7 Qd6 17. O-O-O O-O 18. Ng3 Bxf1 19. Nxf1 Rc7 20. Qf2 Rfc8
21. Ne3 Qc5 22. Rd2 d4 23. Rhd1 Rd7 24. Ng4 Nc6 25. f4 f6 26. Qg3 Kh8 27. Qd3
e5 28. fxe5 Nxe5 29. Nxe5 fxe5 30. Rf1 Rf8 31. Rdf2 Rdd8 32. Rxf8+ Rxf8 33.
Rxf8+ Qxf8 34. Qf3 Kg8 35. Qxf8+ Kxf8 36. Kd2 e4 37. a4 Ke7 38. a5 Kd7 39. b4
Kc6 40. a6 Kb6 41. b5 Ka7 42. c4 Kb6 43. c5+ Ka7 44. h4 h5 45. g3 g6 46. Ke2
d3+ 47. Ke3 Ka8 48. b6 Kb8 49. c6 1-0

[Event "IX Festival Magistrale"]
[Site "Amantea ITA"]
[Date "2011.09.10"]
[Round "8"]
[White "Bentivegna, Francesco"]
[Black "Cordi', Domenico"]
[Result "1-0"]
[WhiteElo "2322"]
[BlackElo "2053"]
[PlyCount "42"]
[EventDate "2011.09.04"]

1. e4 c5 2. Nf3 d6 3. d4 cxd4 4. Nxd4 Nf6 5. Nc3 a6 6. Bc4 e6 7. Bb3 Be7 8. g4
Nc6 9. g5 Nxd4 10. Qxd4 Nh5 11. Rg1 Qc7 12. Be3 Bd7 13. O-O-O O-O 14. e5 d5 15.
Bxd5 Bc6 16. Bxc6 Qxc6 17. Qd7 Bc5 18. Qxc6 Bxe3+ 19. fxe3 bxc6 20. Rd6 Rfc8
21. Rg4 g6 1-0

[Event "IX Festival Magistrale"]
[Site "Amantea ITA"]
[Date "2011.09.10"]
[Round "8"]
[White "Carbone, Stefano"]
[Black "Rotunno, Giuseppe"]
[Result "1-0"]
[WhiteElo "1933"]
[BlackElo "2037"]
[PlyCount "81"]
[EventDate "2011.09.04"]

1. Nf3 Nf6 2. c4 c6 3. g3 e6 4. Bg2 Be7 5. O-O O-O 6. d4 d5 7. Nbd2 b6 8. Qc2
Bb7 9. b3 Nbd7 10. Bb2 c5 11. cxd5 exd5 12. Rac1 Rc8 13. Qb1 Ne4 14. dxc5 Ndxc5
15. Rfd1 Bf6 16. Nxe4 Nxe4 17. Rxc8 Bxc8 18. Nd4 Re8 19. e3 Qd7 20. Ne2 Qb5 21.
Nf4 Bb7 22. Bxf6 Nxf6 23. Qd3 Qa5 24. Qd2 Qa3 25. Rc1 Ne4 26. Qc2 h6 27. Qb1 d4
28. exd4 Nd2 29. Qa1 Bxg2 30. Kxg2 g5 31. Nh5 Qe7 32. Qc3 Qe4+ 33. f3 Qe2+ 34.
Kh3 g4+ 35. Kxg4 Ne4 36. Qc6 f5+ 37. Kxf5 Rf8+ 38. Kg6 Qxf3 39. Qe6+ Kh8 40.
Qe5+ Nf6 41. Nxf6 1-0

[Event "IX Festival Magistrale"]
[Site "Amantea ITA"]
[Date "2011.09.10"]
[Round "8"]
[White "Epishin, Vladimir V."]
[Black "Dvirnyy, Danyyil"]
[Result "1/2-1/2"]
[WhiteElo "2544"]
[BlackElo "2457"]
[PlyCount "54"]
[EventDate "2011.09.04"]

1. Nf3 Nf6 2. d4 g6 3. Bf4 Bg7 4. e3 O-O 5. Be2 d6 6. h3 Nfd7 7. O-O e5 8. Bg3
Nc6 9. Nc3 h6 10. dxe5 dxe5 11. Qd5 Ne7 12. Qb3 Nf5 13. Bh2 c6 14. Ne4 Qe7 15.
Rad1 Nc5 16. Nxc5 Qxc5 17. Nd2 Nd6 18. Qd3 Bf5 19. e4 Be6 20. Nb3 Bxb3 21. axb3
Rad8 22. c3 Bf6 23. b4 Qb6 24. Qc2 Qc7 25. Rd3 a6 26. Rfd1 Qe7 27. Bf3 h5
1/2-1/2

[Event "IX Festival Magistrale"]
[Site "Amantea ITA"]
[Date "2011.09.10"]
[Round "8"]
[White "Janev, Evgeni"]
[Black "Mladenov, Plamen"]
[Result "1-0"]
[WhiteElo "2511"]
[BlackElo "2371"]
[PlyCount "57"]
[EventDate "2011.09.04"]

1. e4 e5 2. Nf3 Nf6 3. Nxe5 d6 4. Nf3 Nxe4 5. d4 d5 6. Bd3 Nc6 7. O-O Be7 8. c3
Bg4 9. Re1 f5 10. Qb3 O-O 11. Nbd2 Na5 12. Qc2 c5 13. Ne5 Bh5 14. f3 Bh4 15.
Rf1 cxd4 16. fxe4 fxe4 17. Nxe4 dxe4 18. Rxf8+ Qxf8 19. Bxe4 dxc3 20. Be3 Bf6
21. Bxh7+ Kh8 22. Ng6+ Bxg6 23. Bxg6 cxb2 24. Re1 Qb4 25. Qe2 Bg5 26. Qh5+ Bh6
27. Rd1 Qe7 28. Bxh6 gxh6 29. Qxa5 1-0

[Event "IX Festival Magistrale"]
[Site "Amantea ITA"]
[Date "2011.09.10"]
[Round "8"]
[White "Lombardi, Mariano"]
[Black "Rotelli, Pietro"]
[Result "1-0"]
[WhiteElo "2061"]
[BlackElo "1918"]
[PlyCount "55"]
[EventDate "2011.09.04"]

1. e4 c6 2. d4 d5 3. Nc3 dxe4 4. Nxe4 Bf5 5. Ng3 Bg6 6. h4 h6 7. Nf3 Nd7 8. h5
Bh7 9. Bd3 Bxd3 10. Qxd3 e6 11. Bf4 Qa5+ 12. Bd2 Qc7 13. O-O-O Ngf6 14. c4
O-O-O 15. Qe2 Bd6 16. Ne4 Nxe4 17. Qxe4 Nf6 18. Qe2 Bf4 19. Kb1 Bxd2 20. Rxd2
c5 21. Rhd1 cxd4 22. Nxd4 a6 23. c5 Kb8 24. c6 Rd5 25. cxb7 Qb6 26. Rc1 Qxb7
27. Rd3 Ka8 28. Rb3 1-0

[Event "IX Festival Magistrale"]
[Site "Amantea ITA"]
[Date "2011.09.10"]
[Round "8"]
[White "Milchev, Nikolay"]
[Black "Hajenius, Willem"]
[Result "1-0"]
[WhiteElo "2418"]
[BlackElo "2002"]
[PlyCount "45"]
[EventDate "2011.09.04"]

1. d4 Nf6 2. Nf3 g6 3. c4 Bg7 4. Nc3 d6 5. e4 O-O 6. h3 c6 7. Be3 Nbd7 8. Be2
e5 9. dxe5 dxe5 10. c5 Qa5 11. Nd2 b5 12. cxb6 axb6 13. Nc4 Qa7 14. O-O Ba6 15.
b4 Qb8 16. a4 Rd8 17. Qb3 c5 18. b5 Bb7 19. Rfd1 Qc7 20. Nd6 Rf8 21. Bc4 Nb8
22. Ra2 Ne8 23. Nxb7 1-0

[Event "IX Festival Magistrale"]
[Site "Amantea ITA"]
[Date "2011.09.10"]
[Round "8"]
[White "Palazzotto, Roberto"]
[Black "Carlomagno, Vincenzo"]
[Result "1-0"]
[WhiteElo "1877"]
[BlackElo "1913"]
[PlyCount "53"]
[EventDate "2011.09.04"]

1. d4 d6 2. e4 Nf6 3. Nc3 g6 4. Nf3 Bg7 5. h3 O-O 6. Be3 Nc6 7. Be2 e5 8. O-O
exd4 9. Nxd4 Re8 10. Nxc6 bxc6 11. Bf3 Nd7 12. Qd2 Ne5 13. Be2 Be6 14. b3 f5
15. exf5 Bxf5 16. f4 Nf7 17. Bf3 Qf6 18. Ne2 Be4 19. Bd4 Qe7 20. Rae1 Qh4 21.
Bxg7 Bxf3 22. Rxf3 Kxg7 23. Ng3 Nh6 24. Qf2 Qf6 25. Ne4 Qf5 26. Qd4+ Kf7 27.
Rfe3 1-0

[Event "IX Festival Magistrale"]
[Site "Amantea ITA"]
[Date "2011.09.10"]
[Round "8"]
[White "Rizzardi, Franco"]
[Black "Okhotnik, Vladimir"]
[Result "1/2-1/2"]
[WhiteElo "2005"]
[BlackElo "2445"]
[PlyCount "98"]
[EventDate "2011.09.04"]

1. e4 Nc6 2. Nf3 d6 3. d4 Nf6 4. Nbd2 Bg4 5. c3 e5 6. d5 Nb8 7. Bd3 g6 8. h3
Bc8 9. Nb3 Bg7 10. Bg5 c6 11. c4 cxd5 12. cxd5 h6 13. Be3 Nh5 14. Rc1 Nf4 15.
Bf1 O-O 16. g3 Nh5 17. Nh4 Nd7 18. Nf5 gxf5 19. Qxh5 Nf6 20. Qe2 Nxe4 21. Bg2
b6 22. O-O Nc5 23. Nxc5 bxc5 24. Qd2 Qf6 25. b4 cxb4 26. Qxb4 a5 27. Qa3 Bd7
28. Rfe1 f4 29. Bd2 fxg3 30. fxg3 Qg6 31. Rc7 Bb5 32. Rb7 Bd3 33. Kh2 Rfd8 34.
Rb6 Ra7 35. Bb4 Ra6 36. Rxa6 Bxa6 37. Qxa5 Ra8 38. Qb6 Bf8 39. Qc6 Rb8 40. a3
Bb5 41. Qc7 Re8 42. Qb6 Bd3 43. Qc7 Bf5 44. g4 Bd3 45. Qc6 f5 46. gxf5 Bxf5 47.
Be4 Qh5 48. Bxf5 Qxf5 49. Qxe8 Qf2+ 1/2-1/2

[Event "IX Festival Magistrale"]
[Site "Amantea ITA"]
[Date "2011.09.10"]
[Round "8"]
[White "Rombaldoni, Axel"]
[Black "Roos, David"]
[Result "1/2-1/2"]
[WhiteElo "2487"]
[BlackElo "2011"]
[PlyCount "70"]
[EventDate "2011.09.04"]

1. e4 c5 2. Nf3 d6 3. c3 Nf6 4. g3 Nc6 5. Qe2 g6 6. Bg2 Bg7 7. d4 cxd4 8. Nxd4
Bd7 9. O-O O-O 10. h3 Rc8 11. Be3 a6 12. a4 Na5 13. Nd2 Qc7 14. c4 b6 15. Rfc1
Nb7 16. b4 e5 17. N4b3 a5 18. c5 dxc5 19. bxc5 Nxc5 20. Nxc5 bxc5 21. Rxc5 Qd8
22. Nc4 Be6 23. Nxa5 Rxc5 24. Nb7 Qc8 25. Nxc5 Bxh3 26. a5 Bxg2 27. Kxg2 Ng4
28. a6 Nxe3+ 29. Qxe3 Qc6 30. a7 Ra8 31. Nd3 Qc3 32. Ra2 Qc4 33. Ra5 Bh6 34.
Qxh6 Qxe4+ 35. Kh2 Qxd3 1/2-1/2

[Event "IX Festival Magistrale"]
[Site "Amantea ITA"]
[Date "2011.09.10"]
[Round "8"]
[White "Sarro, Emilio"]
[Black "Scerbo, Antonio"]
[Result "0-1"]
[WhiteElo "1979"]
[BlackElo "2080"]
[PlyCount "74"]
[EventDate "2011.09.04"]

1. c4 e5 2. Nc3 Bb4 3. Qc2 Nf6 4. d3 h6 5. Bd2 O-O 6. Nf3 d6 7. g3 Nc6 8. Bg2
Be6 9. e4 Bc5 10. O-O a5 11. a3 Nd4 12. Nxd4 Bxd4 13. Rab1 Qd7 14. Nb5 Bb6 15.
Qc1 c6 16. Nc3 d5 17. cxd5 cxd5 18. exd5 Nxd5 19. Qe1 f6 20. Qe4 Rad8 21. Rfd1
Bd4 22. Kf1 f5 23. Qe2 b6 24. Nxd5 Bxd5 25. f4 Rfe8 26. fxe5 Rxe5 27. Bxd5+
Qxd5 28. Qg2 Qxg2+ 29. Kxg2 Re2+ 30. Kh1 Rc8 31. Bc3 Bxc3 32. bxc3 Rxc3 33.
Rxb6 Rxa3 34. d4 Raa2 35. Rb3 Rxh2+ 36. Kg1 Rag2+ 37. Kf1 Rd2 0-1

[Event "IX Festival Magistrale"]
[Site "Amantea ITA"]
[Date "2011.09.10"]
[Round "8"]
[White "Schaefer, Heiko"]
[Black "Forlano, Luigi"]
[Result "1-0"]
[WhiteElo "2083"]
[BlackElo "1976"]
[PlyCount "49"]
[EventDate "2011.09.04"]

1. d4 d5 2. Nf3 c5 3. g3 cxd4 4. Nxd4 e5 5. Nb3 Be6 6. Bg2 Nc6 7. Nc3 Bb4 8.
O-O Nge7 9. e4 Bxc3 10. bxc3 b6 11. Ba3 dxe4 12. Bxe4 Qxd1 13. Raxd1 Rd8 14.
Bd6 f5 15. Bf3 Kf7 16. Rfe1 Kf6 17. Rd2 g5 18. Red1 e4 19. Be2 Nd5 20. Ba3 Nc7
21. Nd4 Na5 22. Nxe6 Rxd2 23. Rxd2 Nxe6 24. Rd7 Rd8 25. Be7+ 1-0

[Event "IX Festival Magistrale"]
[Site "Amantea ITA"]
[Date "2011.09.10"]
[Round "8"]
[White "Valguarnera, Girolamo"]
[Black "Rizzo, Giovanbattista"]
[Result "0-1"]
[WhiteElo "2148"]
[BlackElo "2093"]
[PlyCount "110"]
[EventDate "2011.09.04"]

1. e4 d6 2. d4 Nf6 3. Nc3 g6 4. Be2 Bg7 5. Be3 Nc6 6. d5 Nb8 7. h4 h5 8. Qd2 c6
9. Nh3 Qa5 10. Ng5 Nbd7 11. Rd1 cxd5 12. exd5 Ne5 13. Nb5 Qd8 14. Nxa7 O-O 15.
Qb4 Bd7 16. a4 Qb8 17. Nb5 Bf5 18. Rd2 Rc8 19. c4 Nfd7 20. Nd4 Nc5 21. Nxf5
gxf5 22. Bxc5 dxc5 23. Qb3 Ng4 24. d6 exd6 25. Qc2 Qc7 26. Qxf5 Rxa4 27. O-O d5
28. Bxg4 hxg4 29. cxd5 Rd8 30. d6 Qd7 31. Qxc5 Rc8 32. Qd5 Re8 33. Qd3 Rd4 34.
Qh7+ Kf8 35. Rxd4 Bxd4 36. Rd1 g3 37. Qh6+ Kg8 38. Qh7+ Kf8 39. Kf1 Qb5+ 40.
Rd3 Qc4 41. Qh6+ Bg7 42. Nh7+ Kg8 43. Qd2 Kxh7 44. d7 Rd8 45. Kg1 Bh6 46. Qd1
gxf2+ 47. Kxf2 Qxh4+ 48. g3 Qe7 49. Kg2 Kg7 50. Kh2 Bg5 51. Qg4 Qc5 52. Rf3
Qc2+ 53. Kg1 Qd1+ 54. Kf2 Qd2+ 55. Kf1 Rxd7 0-1

[Event "IX Festival Magistrale"]
[Site "Amantea ITA"]
[Date "2011.09.11"]
[Round "9"]
[White "Carlomagno, Vincenzo"]
[Black "Sarro, Emilio"]
[Result "1-0"]
[WhiteElo "1913"]
[BlackElo "1979"]
[PlyCount "55"]
[EventDate "2011.09.04"]

1. e4 e6 2. d3 d5 3. Nd2 c5 4. Ngf3 Nc6 5. g3 Nf6 6. Bg2 Be7 7. O-O O-O 8. Re1
b6 9. e5 Nd7 10. Nf1 Qc7 11. Bf4 Bb7 12. h4 Rfe8 13. N1h2 Nf8 14. h5 h6 15. Ng4
Qd8 16. Qc1 Nh7 17. Bd2 Rc8 18. Qd1 Ba8 19. Nh4 Bxh4 20. gxh4 Qxh4 21. Re3 Ng5
22. Rg3 Kh7 23. Bxg5 Qxg3 24. fxg3 hxg5 25. Qd2 Nd4 26. Qxg5 Nxc2 27. h6 Rg8
28. hxg7 1-0

[Event "IX Festival Magistrale"]
[Site "Amantea ITA"]
[Date "2011.09.11"]
[Round "9"]
[White "Cordi', Domenico"]
[Black "Lombardi, Mariano"]
[Result "0-1"]
[WhiteElo "2053"]
[BlackElo "2061"]
[PlyCount "82"]
[EventDate "2011.09.04"]

1. d4 Nf6 2. c4 c6 3. Nf3 d5 4. cxd5 cxd5 5. Nc3 Nc6 6. Bf4 e6 7. e3 a6 8. Bd3
Bd6 9. Bg5 h6 10. Bh4 Bd7 11. O-O Be7 12. Rc1 O-O 13. a3 Be8 14. Bb1 Nd7 15.
Bxe7 Qxe7 16. e4 dxe4 17. Nxe4 f5 18. Ned2 Nf6 19. Re1 Qd7 20. Nc4 Nd5 21. Ba2
Kh8 22. Nfe5 Nxe5 23. Nxe5 Qb5 24. Qd2 Rf6 25. Rc5 Qb6 26. Bxd5 exd5 27. Rxd5
Bc6 28. Nxc6 Qxc6 29. Rde5 Rd8 30. d5 Qb5 31. Rd1 f4 32. b4 f3 33. g3 Qd7 34.
Qd3 Rc8 35. Rde1 Rf7 36. h4 Qh3 37. Qf1 Qd7 38. Kh2 g5 39. Qd3 gxh4 40. gxh4
Rg8 41. Qd4 Rg2+ 0-1

[Event "IX Festival Magistrale"]
[Site "Amantea ITA"]
[Date "2011.09.11"]
[Round "9"]
[White "Gromovs, Sergejs"]
[Black "Schaefer, Heiko"]
[Result "1-0"]
[WhiteElo "2297"]
[BlackElo "2083"]
[PlyCount "65"]
[EventDate "2011.09.04"]

1. d4 e6 2. c4 f5 3. g3 Nf6 4. Bg2 c6 5. Nh3 d6 6. O-O Nbd7 7. Nc3 Be7 8. b4 e5
9. b5 c5 10. Ng5 cxd4 11. Ne6 Qa5 12. Nd5 Nxd5 13. Bxd5 Nc5 14. Nxg7+ Kd8 15.
f4 Bf8 16. Nh5 Ne4 17. fxe5 dxe5 18. Bxe4 fxe4 19. Bg5+ Be7 20. Bxe7+ Kxe7 21.
Qc2 d3 22. exd3 Qb6+ 23. c5 Qg6 24. Nf6 Bh3 25. Qc3 Bxf1 26. Qxe5+ Kf7 27. Rxf1
Rhe8 28. Nxh7+ Kg8 29. Nf6+ Kf7 30. Nxe4+ Kg8 31. Nf6+ Kf7 32. Nd5+ Kg8 33.
Ne7+ 1-0

[Event "IX Festival Magistrale"]
[Site "Amantea ITA"]
[Date "2011.09.11"]
[Round "9"]
[White "Hajenius, Willem"]
[Black "Rombaldoni, Axel"]
[Result "0-1"]
[WhiteElo "2002"]
[BlackElo "2487"]
[PlyCount "60"]
[EventDate "2011.09.04"]

1. d4 e6 2. c4 f5 3. e4 fxe4 4. Nc3 Nf6 5. Bg5 Bb4 6. f3 c5 7. d5 exd5 8. cxd5
d6 9. fxe4 O-O 10. Bd3 Nbd7 11. Nf3 Qe8 12. Qe2 Ne5 13. O-O-O Bg4 14. h3 Bxf3
15. gxf3 Bxc3 16. bxc3 Nh5 17. Rhg1 Nf4 18. Bxf4 Rxf4 19. Qg2 Qf7 20. Be2 Rf8
21. Rdf1 h6 22. Kb1 b5 23. h4 Qd7 24. h5 R8f7 25. Qg3 b4 26. c4 Qa4 27. Bd1 Qa3
28. Qh3 Nd3 29. Qc8+ Kh7 30. Kc2 Qc3+ 0-1

[Event "IX Festival Magistrale"]
[Site "Amantea ITA"]
[Date "2011.09.11"]
[Round "9"]
[White "Mirzoev, Azer"]
[Black "Epishin, Vladimir V."]
[Result "1/2-1/2"]
[WhiteElo "2468"]
[BlackElo "2544"]
[PlyCount "41"]
[EventDate "2011.09.04"]

1. d4 d5 2. Nf3 Nf6 3. c4 e6 4. Nc3 Nbd7 5. cxd5 exd5 6. Bg5 Be7 7. e3 O-O 8.
Bd3 Re8 9. O-O Nf8 10. Qc2 Be6 11. h3 h6 12. Bf4 c6 13. Bh2 N8d7 14. Ne5 Rc8
15. f4 Nb6 16. g4 c5 17. Qf2 cxd4 18. exd4 Ne4 19. Nxe4 dxe4 20. Bxe4 Bh4 21.
Qg2 1/2-1/2

[Event "IX Festival Magistrale"]
[Site "Amantea ITA"]
[Date "2011.09.11"]
[Round "9"]
[White "Mladenov, Plamen"]
[Black "Gregori, Giacomo"]
[Result "1-0"]
[WhiteElo "2371"]
[BlackElo "1993"]
[PlyCount "69"]
[EventDate "2011.09.04"]

1. d4 Nf6 2. Nf3 g6 3. Bf4 Bg7 4. e3 d6 5. h3 O-O 6. Be2 Nbd7 7. O-O Nh5 8. Bh2
e5 9. c3 Qe7 10. a4 Re8 11. Na3 e4 12. Nd2 Nhf6 13. b4 h5 14. b5 Nh7 15. a5 Ng5
16. b6 axb6 17. Nb5 Qd8 18. axb6 Rxa1 19. Qxa1 Nxb6 20. Qa5 Nxh3+ 21. gxh3 Bxh3
22. Kh1 Bxf1 23. Nxf1 Bf8 24. c4 c6 25. Nc3 d5 26. cxd5 Nxd5 27. Qxd8 Rxd8 28.
Nxe4 b5 29. Bd1 Be7 30. Bb3 Kg7 31. Kg2 Rd7 32. Kf3 f5 33. Be5+ Kf8 34. Nc5
Bxc5 35. dxc5 1-0

[Event "IX Festival Magistrale"]
[Site "Amantea ITA"]
[Date "2011.09.11"]
[Round "9"]
[White "Okhotnik, Vladimir"]
[Black "Milchev, Nikolay"]
[Result "0-1"]
[WhiteElo "2445"]
[BlackElo "2418"]
[PlyCount "100"]
[EventDate "2011.09.04"]

1. c4 e5 2. e3 Nc6 3. d4 exd4 4. exd4 d5 5. Nf3 Bg4 6. Be3 Bb4+ 7. Nc3 Nge7 8.
a3 Bxc3+ 9. bxc3 O-O 10. c5 Nf5 11. h3 Nxe3 12. fxe3 Bh5 13. Bd3 Qe7 14. Kf2 b6
15. cxb6 axb6 16. a4 Rad8 17. Re1 Rd6 18. Kg1 Re6 19. Qe2 Na5 20. Qf2 Re8 21.
g4 Bg6 22. Bxg6 hxg6 23. Ne5 g5 24. Qf3 f6 25. Nd3 c6 26. Qf2 Nc4 27. Re2 Qd6
28. Qh2 Qxh2+ 29. Kxh2 Rxe3 30. Rxe3 Rxe3 31. Nb4 Na5 32. Rc1 Kf7 33. Rc2 Ke6
34. Kg2 Kd6 35. Na2 Nc4 36. Rf2 Kd7 37. Kh2 Nd6 38. Rc2 Ne4 39. Kg2 Ke6 40. Kh2
g6 41. Kg2 f5 42. gxf5+ gxf5 43. Rb2 f4 44. Rc2 f3+ 45. Kf1 f2 46. Rc1 Rxh3 47.
Kg2 Rg3+ 48. Kh2 g4 49. Rf1 Re3 50. Kg2 g3 0-1

[Event "IX Festival Magistrale"]
[Site "Amantea ITA"]
[Date "2011.09.11"]
[Round "9"]
[White "Piscopo, Pierluigi"]
[Black "Janev, Evgeni"]
[Result "0-1"]
[WhiteElo "2373"]
[BlackElo "2511"]
[PlyCount "64"]
[EventDate "2011.09.04"]

1. e4 d6 2. Nc3 e5 3. Bc4 c6 4. d3 Nd7 5. a4 Ngf6 6. Nf3 Be7 7. O-O O-O 8. Ba2
a5 9. Re1 Nc5 10. d4 exd4 11. Nxd4 Qb6 12. h3 Bd7 13. Qf3 Rae8 14. Nb3 Be6 15.
Be3 Bxb3 16. Bxb3 Qb4 17. Rad1 Nxb3 18. cxb3 Qxb3 19. Bd4 Nd7 20. Bxg7 Kxg7 21.
Qg4+ Kh8 22. Qxd7 Qxb2 23. e5 d5 24. Rd3 Bc5 25. Qf5 Re6 26. Rf3 Qd2 27. Re2
Qh6 28. Kh2 Rfe8 29. Rg3 f6 30. f4 fxe5 31. Rxe5 Rxe5 32. fxe5 Qe6 0-1

[Event "IX Festival Magistrale"]
[Site "Amantea ITA"]
[Date "2011.09.11"]
[Round "9"]
[White "Spirin, Oleg"]
[Black "Dvirnyy, Danyyil"]
[Result "1/2-1/2"]
[WhiteElo "2493"]
[BlackElo "2457"]
[PlyCount "73"]
[EventDate "2011.09.04"]

1. Nf3 f5 2. g3 Nf6 3. Bg2 d6 4. d4 e6 5. c4 Be7 6. O-O O-O 7. b3 Ne4 8. Bb2
Nd7 9. Nc3 Ndf6 10. Qc2 Nxc3 11. Bxc3 Ne4 12. Bb2 Bf6 13. Rad1 Qe8 14. Nd2 Nxd2
15. Rxd2 e5 16. dxe5 dxe5 17. Ba3 Be7 18. Qb2 e4 19. Bxe7 Qxe7 20. Qd4 a5 21.
f3 e3 22. Rd3 f4 23. gxf4 Re8 24. Qd5+ Kh8 25. Qg5 Qf8 26. Rfd1 h6 27. Qb5 c6
28. Qb6 Qxf4 29. Rd8 Bf5 30. Rxa8 Rxa8 31. Qxb7 Rc8 32. Qe7 a4 33. Qc5 axb3 34.
axb3 Bc2 35. Rc1 Bxb3 36. Rc3 Rb8 37. Qxe3 1/2-1/2

[Event "IX Festival Magistrale"]
[Site "Amantea ITA"]
[Date "2011.09.11"]
[Round "9"]
[White "Van Melkebeke, Willem"]
[Black "Carbone, Stefano"]
[Result "0-1"]
[WhiteElo "1926"]
[BlackElo "1933"]
[PlyCount "98"]
[EventDate "2011.09.04"]

1. Nc3 d5 2. e4 dxe4 3. Nxe4 c6 4. Nf3 Nd7 5. Bc4 e6 6. O-O Ngf6 7. Ng3 Bd6 8.
d4 O-O 9. Re1 Qc7 10. c3 b6 11. Bg5 Bb7 12. Qe2 Nd5 13. Ne5 Rfe8 14. Bd3 f5 15.
a3 Nxe5 16. dxe5 Bf8 17. c4 Ne7 18. b4 c5 19. b5 Ng6 20. Nh5 Be7 21. Bd2 Rad8
22. Bc3 Bg5 23. Rad1 Rd7 24. Bc2 Red8 25. Rxd7 Rxd7 26. Rd1 Qd8 27. Rd6 Nf8 28.
Rxd7 Qxd7 29. Qd3 Qxd3 30. Bxd3 g6 31. f4 Bh4 32. Ng3 g5 33. Nxf5 exf5 34. g3
gxf4 35. gxh4 Be4 36. Bxe4 fxe4 37. e6 Nxe6 38. Be5 f3 39. Kf2 Kf7 40. Bb8 Nf8
41. Ke3 Ke6 42. Bg3 Kf5 43. a4 Nd7 44. Bc7 Ne5 45. Bb8 Nxc4+ 46. Kf2 Ne5 47.
Bxa7 Nd7 48. Bxb6 Nxb6 49. a5 Ke6 0-1